| 000 | 00717nam a2200229 4500 | ||
|---|---|---|---|
| 003 | OSt | ||
| 005 | 20240625012059.0 | ||
| 006 | a | ||
| 008 | 240625b |||||||| |||| 00| 0 eng d | ||
| 020 | _a9789810697174 | ||
| 040 |
_aDWCL-Main lib. _cOC |
||
| 082 |
_2Tenth edition _aCirc. 621.3815 B792e 2009 |
||
| 100 | _aBoylestad, Robert L. | ||
| 245 | _aElectronic devices and circuit theory / | ||
| 250 | _aTenth edition | ||
| 260 |
_aSingapore : _bPearson Education South Asia Pte Ltd, _cc2009. |
||
| 300 |
_axv, _b894 p. : ill. ; _c28 cm. |
||
| 504 | _aIncludes index. | ||
| 650 | _a1. Electronic circuits. | ||
| 650 | _a2. Electronic apparatus and appliances. | ||
| 942 |
_2ddc _n0 _cBK-CIRC _eTenth edition _kCirc. |
||
| 999 |
_c1263 _d1263 |
||